000 00854nmc a2200313 a 4500
003 AR-BaBNM
005 20251128204909.0
008 136019s1988 ||||||||||||||000 | spa||
020 _a968-16-2811-X
040 _cAR-BaBNM
100 1 _aDasgupta, Amiya K.
245 1 0 _aLas etapas del capitalismo y la teoría económica
250 _a1ª ed.
260 _aMéxico, D.F.
_bFondo de Cultura Económica
_c1988
300 _a196 p.
_btablas
490 0 _aEconomía contemporánea
600 1 4 _aMarx, Karl
600 1 4 _aKeynes, John Maynard
600 0 4 _aGandhi
650 4 _aTEORIA ECONOMICA
650 4 _aDOCTRINAS ECONOMICAS
650 4 _aPLANIFICACION ECONOMICA
650 4 _aPOLITICA ECONOMICA
650 4 _aCONFLICTO DE CLASES
651 4 _aIndia
700 1 _aSuárez, Eduardo L.
_etraductor
942 _cBK
998 _cEnrique
999 _c9242
_d9242